Normal view
MARC view
Entry Personal Name
001 - CONTROL NUMBER
- control field: 12249
003 - CONTROL NUMBER IDENTIFIER
- control field: OSt
005 - DATE AND TIME OF LATEST TRANSACTION
- control field: 20190412075241.0
008 - FIXED-LENGTH DATA ELEMENTS
- fixed length control field: 190412|| aca||aabn | a|a d
040 ## - CATALOGING SOURCE
- Original cataloging agency: OSt
- Transcribing agency: OSt
100 ## - HEADING--PERSONAL NAME
- Personal name: Kinney, Jeff.
670 ## - SOURCE DATA FOUND
- Source citation: Work cat.: (OSt): Kinney, Jeff., Diary of a wimpy kid: the ugly truth /, 2010.